000
00254nam a22001097a 4500
008
170118b xxu||||| |||| 00| 0 eng d
020
_a
9781451176940
041
_a
eng
080
_a
618.2
245
_a
STEP-UP TO USMLE STEP 1
_c
JENKINS, B
942
_2
udc
_c
BK
999
_c
3108
_d
3108